| 000 | 00450cam a2200193 4500 | ||
|---|---|---|---|
| 001 | D8820 | ||
| 008 | 090401t1950 xxu||||| |||| 00| 0 eng d | ||
| 035 | _a(Sirsi) u15552 | ||
| 041 | _aeng | ||
| 050 | _a692.3 | ||
| 100 | _aSmith, T Sumner | ||
| 245 | _aBuilding Specifications: principles and practice | ||
| 250 | _a2nd | ||
| 260 |
_aLondon _bHutchinson _c1950 |
||
| 300 | _a192p. 22cm | ||
| 350 | _a1.92 | ||
| 942 | _n0 | ||
| 948 | _c04/03/1997 | ||
| 999 |
_c87287 _d87287 |
||